Statistics for Two Countries Scrambled Together #1

Click here to take the quiz!

General Stats

  • This quiz has been taken 214 times
  • The average score is 17 of 24

Answer Stats

ScrambledCountry% Correct
frapsecnainFrance
97%
bcajupaanJapan
95%
lrutaibykeyTurkey
93%
frapsecnainSpain
89%
inaisenodiadniIndonesia
88%
bcajupaanCuba
86%
inaisenodiadniIndia
86%
litaognomyliaMongolia
84%
lufvijutiaFiji
80%
litaognomyliaItaly
76%
lrutaibykeyLibya
74%
npeihcuraChina
73%
npeihcuraPeru
73%
dsrwneegineiaSweden
68%
alrganitneaosArgentina
66%
wbotmetauganasalaBotswana
64%
lufvijutiaTuvalu
62%
gmareoecenGreece
60%
tnaurasiairIran
60%
alrganitneaosLaos
57%
dsrwneegineiaNigeria
57%
tnaurasiairAustria
53%
wbotmetauganasalaGuatemala
53%
gmareoecenOman
47%

Score Distribution

Percentile by Number Answered

Percent of People with Each Score

Your Score History

You have not taken this quiz